000 00822nam a2200265Ia 4500
003 OSt
005 20220927103648.0
006 a|||||r|||| 00| 0
007 ta
008 220926b |||||||| |||| 00| 0 eng d
024 _a101018
037 _cReference Collections
040 _aRTL
_cRTL
_beng
041 _2eng
_aeng
082 _a"X9(J582).1-1.N6, K6/UN"
110 _a"UN, Food and Agriculture Organization"
245 0 _aCoconut as part of mixed farming system
260 _aRome
_bFood and Agriculture Organization
_c1966
300 _a29p.
_ccm.
490 _aCommodity Reports. New Series. 1.
650 _aCoconut Industry
_9361233
700 _a"UN, Food and Agriculture Organization"
942 _h"X9(J582).1-1.N6, K6/UN"
_cCC
999 _c684661
_d684661